000 01210cam a2200301 i 4500
001 17411045
003 OSt
005 20230823100210.0
008 120801s2014 at a b 001 0 eng
010 _a 2012945758
020 _a9788131526040
040 _aDLC
_beng
_erda
_cDLC
_dDLC
042 _apcc
050 0 0 _aHF5387
_b.S47 2014
082 0 0 _a174.4
_bSHA/B
100 1 _aShaw, William H.,
_d1948-
_eauthor.
_99341
245 1 0 _aBusiness ethics /
_cWilliam H. Shaw, San Jose State University.
250 _a8th edition.
264 1 _aAustralia ;
_aSingapore :
_bWadsworth, Cengage Learning,
_c[2014]
300 _axii, 465 p. :
_billustrations ;
_c24 cm
504 _aIncludes bibliographical references (p. 425-428) and index.
650 0 _aBusiness ethics.
650 0 _aIndustries
_xSocial aspects.
856 4 2 _3Contributor biographical information
_uhttp://www.loc.gov/catdir/enhancements/fy1403/2012945758-b.html
856 4 2 _3Publisher description
_uhttp://www.loc.gov/catdir/enhancements/fy1403/2012945758-d.html
856 4 1 _3Table of contents only
_uhttp://www.loc.gov/catdir/enhancements/fy1403/2012945758-t.html
942 _2ddc
_cBK
_h174.4
_iSHA/B
_k174.4
_mSHA/B
999 _c41958
_d41958